[Event "Ostersund Storsjodraget op"]
[Site "Ostersund"]
[Date "2019.06.15"]
[Round "4"]
[White "Soderstrom, Adrian"]
[Black "Fasth, Rolf"]
[Result "0-1"]
[WhiteElo "2136"]
[BlackElo "1430"]
[PlyCount "30"]
[EventDate "2019.06.14"]
[EventType "swiss"]
[EventRounds "7"]
[EventCountry "SWE"]
[SourceTitle "CBM 192 Extra"]
[Source "Chessbase"]
[SourceDate "2019.11.06"]
[SourceVersion "1"]
[SourceVersionDate "2019.11.06"]
[SourceQuality "1"]

1. d4 Nf6 2. c4 e6 3. Nf3 d5 4. Nc3 Bb4 5. Qb3 Nc6 6. Bg5 dxc4 7. Qxc4 0-0 8. e4 Be7 9. Bd3 a6 10. 0-0 Bd7 11. Rad1 Na5 12. Bxf6 Nxc4 13. Bxe7 Qxe7 14. Bxc4 Qb4 15. Bb3 Rad8 0-1